000 00778cam a22002291a 4500
001 ca 24000719
003 DLC
005 20260227111113.0
008 840306s1924 ksu 000 0 eng
010 _aca 24000719
035 _a(OCoLC)10491542
040 _aDLC
_cKPT
_dDLC
042 _apremarc
050 0 0 _aF1234
_b.P23
100 1 _aParker, Kermet E.
245 1 2 _aA history of modern Mexico /
_cKermet E. Parker.
260 _aGirard, Kan. :
_bHaldeman-Julius Co.,
_cc1924.
300 _a64 p. ;
_c13 cm.
440 0 _aLittle blue book ;
_vno. 596
500 _aPublished 18 April 1924; copies deposited at Library of Congress 25 April 1924; copyright renewed 15 February 1952. Advertised 19 April 1924, Haldeman-Julius Weekly, p. 1.
651 0 _aMexico
_xHistory.
999 _c15848
_d15848